000 00621nam a22002177a 4500
003 UA-OsUOA
001 46326
007 ta
008 20070613b un ||||| |||| 00| 0 ukr d
100 _aМастіпан О.
090 _a02
_bМ-11
942 _cSA
040 _aUA-OsUOA
_bukr
_cUA-OsUOA
_dUA-OsUOA
245 _aПідсумки наукової діяльності національних, державних бібліотек та ОУНБ України
300 _aС.15-20
955 _a0
041 _aukr
080 _a02
773 0 _w46323
650 7 _a02 Бібліотечна справа
_2UDC
999 _c332421
_d332421